Normal view
MARC view
- HASLAM, P.R:SMITH, C.J.MARCHANT
Entry Personal Name
001 - CONTROL NUMBER
- control field: 73711
003 - CONTROL NUMBER IDENTIFIER
- control field: NUST
005 - DATE AND TIME OF LATEST TRANSACTION
- control field: 20210628205050.0
008 - FIXED-LENGTH DATA ELEMENTS
- fixed length control field: 210628|| aca||aabn | a|a d
040 ## - CATALOGING SOURCE
- Original cataloging agency: NUST
- Transcribing agency: NUST
100 ## - HEADING--PERSONAL NAME
- Personal name: HASLAM, P.R:SMITH, C.J.MARCHANT
670 ## - SOURCE DATA FOUND
- Source citation: Work cat.: (NUST): HASLAM, P.R:SMITH, C.J.MARCHANT, SMALL ARMS AND CANNONS, 1990
